LEADER 00984nam0 2200277 450 001 000014813 005 20080725101927.0 010 $a88-204-3407-5 100 $a20080725d1989----km-y0itay50------ba 101 0 $aita 102 $aIT 105 $ay-------001yy 200 1 $a<>pubbliche amministrazioni negli anni '90$euna indagine sull'alta dirigenza dello Stato$fCensis, Centro studi investimenti sociali 210 $aMilano$cFranco Angeli$dc1989 215 $a169 p.$d22 cm 225 2 $aMateriali di ricerca$fCensis 300 $aSegue: Appendice. 410 0$12001$aMateriali di ricerca 610 1 $aAmministrazione pubblica$aPersonale direttivo$aInchieste 676 $a353.001$v12$9Amministrazione centrale italiana. Gestione del personale 710 02$aCensis$09271 801 0$aIT$bUNIPARTHENOPE$c20080725$gRICA$2UNIMARC 912 $a000014813 951 $a327/19$b6576$cNAVA2 996 $aPubbliche amministrazioni negli anni '90$9315050 997 $aUNIPARTHENOPE LEADER 01133cam2 22003131 450 001 SOBE00028035 005 20121022105412.0 010 $a8470394398 100 $a20121022d1984 |||||ita|0103 ba 101 $aspa 102 $aES 200 0 $a2 210 $aMadrid$cEditorial Castalia$d1984 215 $a355 p.$cill.$d18 cm 225 2 $aClásicos Castalia$v127 410 1$1001LAEC00015905$12001 $a*Clásicos Castalia$v127 461 1$1001SOBE00028023$12001 $aObra poética : versión bilingüe / Joan Maragall ; edición, introducción y notas de Antoni Comas ; traducción de J. F. Vidal Jové 700 1$aMaragall$b, Joan$3SOBA00004984$4070$0163207 702 1$aComas, Antoni$3SOBA00004988$4070 702 1$aVidal Jové, J. F.$3SOBA00004989$4070 801 0$aIT$bUNISOB$c20121022$gRICA 850 $aUNISOB 852 $aUNISOB$j860|Coll|3|K$m41205 912 $aSOBE00028035 940 $aM 102 Monografia moderna SBN 941 $aW 957 $a860|Coll|3|K$b000127$gSI$d41205$racquisto$tN$1vittorini$2UNISOB$3UNISOB$420121022105230.0$520121022105315.0$6vittorini 996 $a2$91716707 997 $aUNISOB